| 000 | 00663nam a22002417a 4500 | ||
|---|---|---|---|
| 003 | UA-OsUOA | ||
| 001 | 43384 | ||
| 007 | ta | ||
| 008 | 20061221b un ||||| |||| 00| 0 ukr d | ||
| 100 | _aКульбовський М. | ||
| 090 |
_a008(091)(477) _bК90 |
||
| 942 | _cBK | ||
| 040 |
_aUA-OsUOA _bukr _cUA-OsUOA _dUA-OsUOA |
||
| 245 | _aЗ Подільського кореня | ||
| 300 | _a186 с. | ||
| 955 | _a4 | ||
| 041 | _aukr | ||
| 080 | _a008(091)(477) | ||
| 020 | _a966-95635-1-8 | ||
| 260 |
_aХмельницький _b"Поділля" _c1999 |
||
| 650 | 7 |
_a008 Цивілізація. Культура. Прогрес _2UDC |
|
| 999 |
_c329512 _d329512 |
||